Statistics for Countries, US States, Capitals, Elements, 100 Most Common Words: Starting with M

Click here to take the quiz!

General Stats

  • This quiz has been taken 11,118 times
    (5,449 since last reset)
  • The average score is 42 of 59

Answer Stats

ANSWER% Correct
Me
98%
My
95%
Mali
89%
Montana
88%
Mexico
85%
Missouri
85%
Michigan
85%
Madagascar
85%
Mississippi
85%
Maine
85%
Mexico City
85%
Minnesota
84%
Mauritania
84%
Maldives
82%
Montenegro
82%
Mauritius
82%
Malawi
81%
Monaco
81%
Morocco
80%
Massachusetts
80%
Myanmar
79%
Maryland
79%
Moldova
79%
Mongolia
79%
Mozambique
79%
Malta
79%
Malaysia
78%
Moscow
78%
Madrid
76%
Macedonia
75%
Magnesium
75%
Marshall Islands
70%
Malé
69%
Manganese
69%
Montevideo
65%
Maputo
63%
Minsk
62%
Monrovia
62%
Manila
60%
Make
60%
Manama
60%
Managua
60%
Muscat
58%
Most
58%
Maseru
56%
Malabo
56%
Madison
55%
Majuro
55%
Mercury
55%
Mogadishu
55%
Moroni
54%
Molybdenum
53%
Montgomery
52%
Mbabane
52%
Mendelevium
48%
Montpelier
47%
Moscovium
41%
Meitnerium
40%

Score Distribution

Percentile by Number Answered

Percent of People with Each Score

Your Score History

You have not taken this quiz since the last reset